000 00259nam a2200097Ia 4500
001 684948
005 20250826161508.0
008 250824s9999 xx 000 0 und d
245 0 _aŞEYTAN AYRINTIDA GİZLİDİR/A.ÜMİT/EVEREST
_cAHMET ÜMİT
260 _bEVEREST
999 _c684948
_d684948